[Event "Krakow op-A 29th"]
[Site "Krakow"]
[Date "2018.12.30"]
[Round "5"]
[White "Kusnetsov, Sergey"]
[Black "Lewicki, Miroslaw"]
[Result "0-1"]
[WhiteElo "2257"]
[BlackElo "2347"]
[PlyCount "79"]
[EventDate "2018.12.27"]
[EventType "swiss"]
[EventRounds "9"]
[EventCountry "POL"]
[SourceTitle "CBM 188 Extra"]
[Source "ChessBase"]
[SourceDate "2019.02.28"]
[SourceVersion "1"]
[SourceVersionDate "2019.02.28"]
[SourceQuality "1"]

1. c4 Nf6 2. Nf3 e6 3. g3 b6 4. Bg2 Bb7 5. 0-0 Be7 6. d4 0-0 7. d5 exd5 8. Nh4 c6 9. cxd5 Nxd5 10. Nf5 Nc7 11. Nc3 d5 12. e4 dxe4 13. Qxd8 Bxd8 14. Nxe4 Nd5 15. Rd1 Nd7 16. b4 N7f6 17. Ned6 Bc8 18. b5 Be6 19. bxc6 Bc7 20. Ba3 Rfd8 21. g4 g6 22. Nb5 Be5 23. Ne7+ Nxe7 24. Bxe7 Re8 25. Bxf6 Bxf6 26. c7 Rac8 27. Rac1 Bg5 28. Rc2 Bxg4 29. Rf1 Bf5 30. Rc3 Bf6 31. Ra3 Re5 32. Bb7 Rxb5 33. Bxc8 Bxc8 34. Rxa7 Rc5 35. Rd1 Kg7 36. f4 Rc2 37. Rd3 Bf5 38. Rd5 Bh4 39. Re5 Bh3 40. c8Q 0-1

[Event "UKR-chT Clubs"]
[Site "Alushta"]
[Date "2011.05.21"]
[Round "9.1"]
[White "Kusnetsov, Sergey"]
[Black "Reutov, Andrey Al"]
[Result "1-0"]
[WhiteElo "2305"]
[BlackElo "2206"]
[PlyCount "123"]
[EventDate "2011.05.13"]
[EventType "team-tourn"]
[EventRounds "9"]
[EventCountry "UKR"]
[SourceTitle "CBM 142 Extra"]
[Source "ChessBase"]
[SourceDate "2011.06.27"]
[SourceVersion "1"]
[SourceVersionDate "2011.06.27"]
[SourceQuality "1"]
[WhiteTeam "Nikopol Nika-NZF"]
[BlackTeam "Kiev Kashtan"]
[WhiteTeamCountry "UKR"]
[BlackTeamCountry "UKR"]

1. c4 e5 2. g3 d6 3. Bg2 f5 4. Nc3 c6 5. d4 e4 6. Nh3 Nf6 7. 0-0 Be7 8. f3 exf3 9. exf3 0-0 10. Re1 Na6 11. Qd3 Ne8 12. Be3 Bf6 13. Rad1 g6 14. a3 Nac7 15. b4 Be6 16. Bh6 Ng7 17. Nf4 Bf7 18. d5 g5 19. Ne6 Bxe6 20. dxe6 Ncxe6 21. Bh3 Bxc3 22. Qxc3 Qf6 23. Bxg7 Nxg7 24. Qxf6 Rxf6 25. Re7 Rb8 26. b5 Kf8 27. Rd7 cxb5 28. cxb5 h5 29. f4 gxf4 30. gxf4 Rg6+ 31. Kf2 Ke8 32. R1xd6 Rxd6 33. Rxd6 Ke7 34. Rg6 Kf7 35. Rh6 Rc8 36. Bg2 Rc3 37. Bxb7 Rxa3 38. Bd5+ Ke7 39. Rg6 Ne8 40. Re6+ Kd7 41. Rh6 Nd6 42. Bc6+ Ke7 43. Rxh5 Ra5 44. Kg3 Nxb5 45. Rxf5 Ra3+ 46. Kg4 Nc7 47. Rh5 Rc3 48. Be4 Rc4 49. Re5+ Kf6 50. h4 Rc1 51. Rf5+ Ke7 52. Ra5 a6 53. Kf5 Ne8 54. Rxa6 Nd6+ 55. Ke5 Nxe4 56. Ra7+ Kf8 57. Kxe4 Rh1 58. Kf5 Rxh4 59. Kg5 Rh1 60. Kg6 Rb1 61. f5 Rb6+ 62. f6 1-0

[Event "UKR-chT Clubs"]
[Site "Alushta"]
[Date "2011.05.17"]
[Round "5.1"]
[White "Mikhaletz, Lubomir"]
[Black "Kusnetsov, Sergey"]
[Result "1/2-1/2"]
[WhiteElo "2467"]
[BlackElo "2305"]
[PlyCount "75"]
[EventDate "2011.05.13"]
[EventType "team-tourn"]
[EventRounds "9"]
[EventCountry "UKR"]
[SourceTitle "CBM 142 Extra"]
[Source "ChessBase"]
[SourceDate "2011.06.27"]
[SourceVersion "1"]
[SourceVersionDate "2011.06.27"]
[SourceQuality "1"]
[WhiteTeam "Podillya Region"]
[BlackTeam "Nikopol Nika-NZF"]
[WhiteTeamCountry "UKR"]
[BlackTeamCountry "UKR"]

1. d4 f5 2. c4 Nf6 3. Nc3 d6 4. g3 g6 5. Bg2 Bg7 6. Nf3 0-0 7. 0-0 Qe8 8. Nd5 Nxd5 9. cxd5 Qb5 10. Ng5 c6 11. a4 Qb6 12. Be3 h6 13. Ne6 Bxe6 14. dxe6 d5 15. a5 Qc7 16. Qc1 Na6 17. Bxh6 Qd6 18. Bf4 Qxe6 19. e3 Rac8 20. b4 Qd7 21. h4 Nc7 22. Qc5 Nb5 23. Bf3 Bf6 24. Be2 a6 25. Kg2 Rfd8 26. Bd3 Kf7 27. Rh1 e6 28. Rab1 Qe7 29. Qc1 Rh8 30. Qd2 Nd6 31. Bxd6 Qxd6 32. f4 Be7 33. Qf2 Rcg8 34. Kf3 Qd8 35. Qg2 Bd6 36. Qd2 Qe7 37. Qc3 Rc8 38. Rhc1 1/2-1/2

[Event "UKR-chT 17th"]
[Site "Alushta"]
[Date "2010.05.20"]
[Round "11.2"]
[White "Kusnetsov, Sergey"]
[Black "Voronov, Yuri"]
[Result "1/2-1/2"]
[WhiteElo "2347"]
[BlackElo "2280"]
[PlyCount "84"]
[EventDate "2010.05.13"]
[EventType "team-tourn"]
[EventRounds "11"]
[EventCountry "UKR"]
[SourceTitle "EXT 2019"]
[Source "ChessBase"]
[SourceDate "2018.10.10"]
[SourceVersion "1"]
[SourceVersionDate "2018.10.10"]
[SourceQuality "1"]
[WhiteTeam "Nikopol Nika-NZF"]
[BlackTeam "Cherkasy Etiud"]
[WhiteTeamCountry "UKR"]
[BlackTeamCountry "UKR"]

1. g3 d5 2. Nf3 c6 3. Bg2 Bg4 4. c4 e6 5. 0-0 Nf6 6. d3 Be7 7. Be3 Nbd7 8. Qb3 Qc8 9. Nc3 0-0 10. cxd5 exd5 11. Rac1 Be6 12. Nd4 Nc5 13. Qc2 Bh3 14. b4 Bxg2 15. Kxg2 Ne6 16. Qb2 Qd7 17. Nxe6 fxe6 18. Bd4 b6 19. f4 c5 20. bxc5 bxc5 21. Bxf6 Bxf6 22. Qb5 Qxb5 23. Nxb5 Rfc8 24. f5 a6 25. Nc3 c4 26. fxe6 cxd3 27. Nxd5 dxe2 28. Rfe1 Rxc1 29. Rxc1 Re8 30. Nxf6+ gxf6 31. Kf2 Rxe6 32. Re1 Re4 33. Rxe2 Ra4 34. Kg2 Kf7 35. Kf3 Kg6 36. Kg2 Kg5 37. Rc2 Kf5 38. Rf2+ Kg5 39. Rc2 a5 40. Rd2 Kf5 41. Rf2+ Ke5 42. Re2+ Re4 1/2-1/2

[Event "UKR-chT 17th"]
[Site "Alushta"]
[Date "2010.05.18"]
[Round "8.2"]
[White "Kononenko, Dmitry"]
[Black "Kusnetsov, Sergey"]
[Result "1-0"]
[WhiteElo "2576"]
[BlackElo "2347"]
[PlyCount "75"]
[EventDate "2010.05.13"]
[EventType "team-tourn"]
[EventRounds "11"]
[EventCountry "UKR"]
[SourceTitle "EXT 2019"]
[Source "ChessBase"]
[SourceDate "2018.10.10"]
[SourceVersion "1"]
[SourceVersionDate "2018.10.10"]
[SourceQuality "1"]
[WhiteTeam "Rivne Bisons"]
[BlackTeam "Nikopol Nika-NZF"]
[WhiteTeamCountry "UKR"]
[BlackTeamCountry "UKR"]

1. e4 c5 2. Nf3 Nc6 3. d4 cxd4 4. Nxd4 e5 5. Nb5 d6 6. a4 Be7 7. N1c3 Be6 8. Nd5 Bxd5 9. exd5 Nb8 10. Be2 Nd7 11. 0-0 a6 12. Na3 Ngf6 13. Nc4 0-0 14. a5 Ne8 15. f4 f5 16. Ra3 g6 17. Kh1 Nef6 18. Rb3 Qc7 19. Be3 exf4 20. Rxf4 Ne4 21. Bg1 Rae8 22. Rf1 Bg5 23. Rb4 Rf7 24. g4 f4 25. Bf3 Rfe7 26. Kg2 Bh4 27. Nb6 Nxb6 28. Bxb6 Qc8 29. Qd3 Nc5 30. Qd1 Re1 31. Rxe1 Rxe1 32. Qd2 Nd7 33. Rxf4 Nxb6 34. axb6 Qc5 35. Kh3 g5 36. Rf6 Qg1 37. Qc3 Re3 38. Qc8+ 1-0

[Event "UKR-chT 17th"]
[Site "Alushta"]
[Date "2010.05.16"]
[Round "6.5"]
[White "Nesterets, Anatoliy"]
[Black "Kusnetsov, Sergey"]
[Result "1-0"]
[WhiteElo "2408"]
[BlackElo "2347"]
[PlyCount "51"]
[EventDate "2010.05.13"]
[EventType "team-tourn"]
[EventRounds "11"]
[EventCountry "UKR"]
[SourceTitle "EXT 2019"]
[Source "ChessBase"]
[SourceDate "2018.10.10"]
[SourceVersion "1"]
[SourceVersionDate "2018.10.10"]
[SourceQuality "1"]
[WhiteTeam "Tschernihiw No Mercy"]
[BlackTeam "Nikopol Nika-NZF"]
[WhiteTeamCountry "UKR"]
[BlackTeamCountry "UKR"]

1. e4 c5 2. Nc3 Nc6 3. Bb5 Nd4 4. Bc4 e6 5. Nge2 Ne7 6. Nxd4 cxd4 7. Ne2 Nc6 8. d3 Be7 9. 0-0 0-0 10. a3 d6 11. f4 Bd7 12. Rf3 Rc8 13. Ba2 Qb6 14. Rh3 g6 15. g4 d5 16. Ng3 dxe4 17. Nxe4 f5 18. gxf5 Rxf5 19. Ng3 Rf7 20. f5 gxf5 21. Qh5 Qc5 22. Bf4 Ne5 23. Nxf5 Ng6 24. Nxe7+ Qxe7 25. Be5 Rc5 26. Qxg6+ 1-0

[Event "UKR-chT 14th"]
[Site "Alushta"]
[Date "2007.04.24"]
[Round "4.2"]
[White "Vovk, Yuri"]
[Black "Kusnetsov, Sergey"]
[Result "1-0"]
[WhiteElo "2523"]
[BlackElo "2344"]
[PlyCount "91"]
[EventDate "2007.04.22"]
[EventType "team-tourn"]
[EventRounds "9"]
[EventCountry "UKR"]
[SourceTitle "EXT 2019"]
[Source "ChessBase"]
[SourceDate "2018.10.10"]
[SourceVersion "1"]
[SourceVersionDate "2018.10.10"]
[SourceQuality "1"]
[WhiteTeam "Lwiw Ivan Franko University"]
[BlackTeam "Nikopol Nika-NZF"]
[WhiteTeamCountry "UKR"]
[BlackTeamCountry "UKR"]

1. e4 d6 2. d4 g6 3. Nc3 Bg7 4. Nf3 Bg4 5. Be2 Nf6 6. 0-0 0-0 7. Bg5 Nc6 8. h3 Bxf3 9. Bxf3 Nd7 10. Ne2 Qe8 11. Qd2 e5 12. c3 f6 13. Be3 f5 14. Qc2 f4 15. Bd2 h5 16. h4 Kh7 17. d5 Nd8 18. g3 Qe7 19. Kg2 Nf7 20. gxf4 Bh6 21. f5 Rg8 22. Ng3 Bxd2 23. Qxd2 gxf5 24. exf5 Nf6 25. Kh3 Nh6 26. Qd3 Nhg4 27. Ne4 Nxe4 28. Bxe4 Qf6 29. f3 Rg7 30. Qd2 Nh6 31. Rg1 Rag8 32. Rg6 Rxg6 33. fxg6+ Kg7 34. Qg5 Rf8 35. Rg1 Qxg5 36. Rxg5 Rc8 37. Rxh5 c6 38. Rg5 cxd5 39. Bxd5 b5 40. Rg2 Nf5 41. Be4 Ne7 42. Rg5 Rc7 43. Rh5 d5 44. Rh7+ Kf6 45. Rf7+ Ke6 46. Bf5+ 1-0

[Event "UKR-chT 14th"]
[Site "Alushta"]
[Date "2007.04.23"]
[Round "3.1"]
[White "Kusnetsov, Sergey"]
[Black "Romanchuk, Viktor"]
[Result "0-1"]
[WhiteElo "2344"]
[BlackElo "2284"]
[PlyCount "102"]
[EventDate "2007.04.22"]
[EventType "team-tourn"]
[EventRounds "9"]
[EventCountry "UKR"]
[SourceTitle "EXT 2019"]
[Source "ChessBase"]
[SourceDate "2018.10.10"]
[SourceVersion "1"]
[SourceVersionDate "2018.10.10"]
[SourceQuality "1"]
[WhiteTeam "Nikopol Nika-NZF"]
[BlackTeam "Cherkasy Etiud"]
[WhiteTeamCountry "UKR"]
[BlackTeamCountry "UKR"]

1. c4 c6 2. Nf3 d5 3. g3 Nf6 4. Bg2 Bg4 5. cxd5 Bxf3 6. Bxf3 cxd5 7. Nc3 e6 8. d3 Nc6 9. 0-0 Be7 10. e4 d4 11. Ne2 0-0 12. Qb3 Nd7 13. Nf4 Nc5 14. Qd1 Qb6 15. Be2 a5 16. Ng2 a4 17. Kh1 Na7 18. f4 Nb5 19. Bd2 a3 20. b3 Nc3 21. Bxc3 dxc3 22. Qc2 Na6 23. Qxc3 Bb4 24. Qe5 f6 25. Qh5 Bc3 26. Rac1 Bb2 27. Rc4 Nb4 28. Rxb4 Qxb4 29. f5 exf5 30. Nf4 Qd6 31. Qxf5 Be5 32. Nd5 Rac8 33. Bd1 Rc1 34. b4 g6 35. Qf2 f5 36. Qd2 fxe4 37. Rxf8+ Qxf8 38. Kg2 Rb1 39. dxe4 Rb2 40. Bc2 Kh8 41. Ne3 Bg7 42. Qd3 Rxa2 43. Kh3 Qc8+ 44. g4 h5 45. e5 Rxc2 46. Qxc2 hxg4+ 47. Kh4 Qxc2 48. Nxc2 a2 49. e6 a1Q 50. Nxa1 Bxa1 51. Kxg4 Bf6 0-1

[Event "UKR-chT 13th"]
[Site "Alushta"]
[Date "2006.04.23"]
[Round "9.5"]
[White "Kusnetsov, Sergey"]
[Black "Vovk, Andrey"]
[Result "0-1"]
[WhiteElo "2370"]
[BlackElo "2350"]
[PlyCount "66"]
[EventDate "2006.04.15"]
[EventType "team-tourn"]
[EventRounds "9"]
[EventCountry "UKR"]
[SourceTitle "EXT 2019"]
[Source "ChessBase"]
[SourceDate "2018.10.10"]
[SourceVersion "1"]
[SourceVersionDate "2018.10.10"]
[SourceQuality "1"]
[WhiteTeam "Nikopol Nika-NZF"]
[BlackTeam "Lwiw University-Debut"]
[WhiteTeamCountry "UKR"]
[BlackTeamCountry "UKR"]

1. g3 Nf6 2. Bg2 g6 3. f4 Bg7 4. Nf3 0-0 5. d3 d5 6. 0-0 c5 7. Qe1 Nc6 8. e4 dxe4 9. dxe4 e5 10. Nc3 Nd4 11. Rf2 Ng4 12. Rd2 exf4 13. gxf4 Nxf3+ 14. Bxf3 Bd4+ 15. Kh1 Bxc3 16. bxc3 Qf6 17. Rg2 Ne5 18. Be2 Nc6 19. Be3 Qe7 20. Bf3 b6 21. h4 Bb7 22. h5 Rfe8 23. hxg6 hxg6 24. Qg3 Na5 25. Re1 Qc7 26. Bg1 Kg7 27. Bh2 Nc4 28. Qg4 Rad8 29. f5 Ne5 30. Bxe5+ Qxe5 31. fxg6 f5 32. Qg3 fxe4 33. Qxe5+ Rxe5 0-1

[Event "Pardubice opB"]
[Site "Pardubice"]
[Date "2004.??.??"]
[Round "7"]
[White "Zaitsev, Vadim"]
[Black "Kusnetsov, Sergey"]
[Result "1-0"]
[WhiteElo "2378"]
[BlackElo "2116"]
[PlyCount "101"]
[EventDate "2004.07.??"]
[EventType "swiss"]
[EventRounds "7"]
[EventCountry "CZE"]
[SourceTitle "EXT 2005"]
[Source "ChessBase"]
[SourceDate "2004.11.15"]
[SourceVersion "1"]
[SourceVersionDate "2004.11.15"]
[SourceQuality "1"]

1. Nf3 d5 2. g3 Nf6 3. Bg2 c6 4. d3 g6 5. 0-0 Bg7 6. Nbd2 0-0 7. e4 Bg4 8. e5 Ne8 9. d4 c5 10. c3 Nc6 11. h3 Bxf3 12. Nxf3 cxd4 13. cxd4 Qd7 14. Be3 f6 15. exf6 exf6 16. Ne1 Nc7 17. Nd3 Ne6 18. Rc1 Rfd8 19. Re1 Rac8 20. Nc5 Nxc5 21. Rxc5 Ne7 22. Qb3 b6 23. Rb5 Bf8 24. a4 Kg7 25. a5 bxa5 26. Rxa5 Rb8 27. Qa2 Nc6 28. Rxd5 Qf7 29. Ra1 Nb4 30. Rxd8 Rxd8 31. Qxf7+ Kxf7 32. Rxa7+ Be7 33. Bf1 g5 34. Bc4+ Kf8 35. Bb3 Nc6 36. Ra4 Rb8 37. Bd5 Nb4 38. Be4 Rb5 39. Ra8+ Kf7 40. Bxh7 f5 41. Bg8+ Kf6 42. Bc4 Rb7 43. Rg8 f4 44. gxf4 gxf4 45. Bxf4 Kf5 46. Be5 Ra7 47. Kg2 Ra1 48. Rg7 Bg5 49. f4 Bh4 50. Kf3 Rc1 51. Rf7+ 1-0

[Event "Krakow op-B"]
[Site "Krakow"]
[Date "2003.12.29"]
[Round "4"]
[White "Kasperek, Ryszard"]
[Black "Kusnetsov, Sergey"]
[Result "0-1"]
[WhiteElo "2021"]
[BlackElo "2096"]
[PlyCount "80"]
[EventDate "2003.12.27"]
[EventType "swiss"]
[EventRounds "9"]
[EventCountry "POL"]
[SourceTitle "EXT 2006"]
[Source "ChessBase"]
[SourceDate "2005.11.24"]
[SourceVersion "1"]
[SourceVersionDate "2005.11.24"]
[SourceQuality "1"]

1. e4 c5 2. Nf3 Nc6 3. Bb5 g6 4. 0-0 Bg7 5. c3 Nf6 6. Re1 0-0 7. d4 cxd4 8. cxd4 d5 9. e5 Ne4 10. Bxc6 bxc6 11. Nbd2 Bf5 12. Nxe4 Bxe4 13. Nd2 Bf5 14. Nb3 Qb6 15. Nc5 a5 16. Re3 Ra7 17. Rb3 Qc7 18. Rc3 a4 19. Nxa4 f6 20. f4 g5 21. exf6 Bxf6 22. fxg5 Bg7 23. Nc5 e5 24. Be3 exd4 25. Bxd4 Qf4 26. Nb3 Bg4 27. Qd3 Raf7 28. h3 Bf5 29. Qd1 Qxg5 30. Rac1 Qg6 31. Rxc6 Qg3 32. Bf2 Qb8 33. Qd2 Bxh3 34. Rf1 Bd7 35. Rc5 Bb5 36. Rd1 Bc4 37. Na5 Rxf2 38. Qxf2 Rxf2 39. Kxf2 Qf4+ 40. Ke1 Qe3# 0-1